Karl Marx : κείμενα από τη δεκαετία του 1840 : μια ανθολογία

Αποθηκεύτηκε σε:
Λεπτομέρειες βιβλιογραφικής εγγραφής
Κύριος συγγραφέας: Marx, Karl, 1818-1883
Άλλοι συγγραφείς: Γκιούρας, Θανάσης (Επιμελητής έκδοσης, Μεταφραστής), Νουτσόπουλος, Θωμάς (Επιμελητής έκδοσης)
Μορφή: Βιβλίο
Γλώσσα:Greek
Δημοσίευση: Αθήνα : ΚΨΜ, 2014
Θέματα:
Ετικέτες: Προσθήκη ετικέτας
Δεν υπάρχουν, Καταχωρήστε ετικέτα πρώτοι!

MARC

LEADER 00000nam a2200000 i 4500
001 1/65578
008 150202s2014 gre d
020 |a 978-960-6750-88-5 
035 |l 10120820 
040 |a GR-MY-UA  |b gre  |e aacr 
041 0 |a gre 
082 0 |a 335.4  |2 (23) 
100 1 |a Marx, Karl,   |d 1818-1883. 
245 1 0 |a Karl Marx :  |b κείμενα από τη δεκαετία του 1840 : μια ανθολογία /  |c Karl Marx ; επιλογή-μετάφραση: Θανάσης Γκιούρας, επιστημονική επιμέλεια: Θανάσης Γκιούρας, Θωμάς Νουτσόπουλος 
246 3 3 |a 1840 Karl Marx 
260 |a Αθήνα :   |b ΚΨΜ,   |c 2014 
300 |a 669 σ.;  |c 24 εκ. 
504 |a Περιλαμβάνει ευρετήριο 
600 1 0 |a Marx, Karl,   |d 1818-1883. 
650 0 0 |a Communism. 
700 1 |a Γκιούρας, Θανάσης.  |4 edt  |4 trl 
700 1 |a Νουτσόπουλος, Θωμάς.  |4 edt 
852 |a INST  |b LESVOS  |c EUDOXUS  |e 20150202  |h 335.4 KAR  |p 005100056125  |q 005100056125  |t EDX  |y 0 
901 |a BIBL1-2015-1 
909 |a Λ  |b 191696 
920 |a ΕΥΔΟΞΟΣ  |b ΠΑΡΑΓΓΕΛΙΑ  |y ΛΕΣΒΟΣ-ΤΚΑΙ  |z 2014-11 
970 |a ΤΖΑΦΕΡΗ  |b ΕΥΑΓΓΕΛΙΑ  |z 2015/02/02